000 00771nam a2200253Ia 4500
003 OSt
005 20220923214713.0
006 a|||||r|||| 00| 0
007 ta
008 220922b |||||||| |||| 00| 0 hin d
024 _a171,815
037 _cTextual
040 _aARTS
_cARTS
_bhin
041 _2hin
_ahin
082 _aO152,3N291x, L1
100 _aयादव, राजेन्द्र
_9156270
245 0 _aजहां लक्ष्मी कैद है
246 _aJahāan lakṣhmī kaid hai
250 _aसंस्क0 3
260 _c1971
650 _aहिन्दी साहित्य
_9156264
942 _hO152,3N291x, L1
_cTEXL
_2CC
999 _c325956
_d325956